[Event "Saint Louis Rapid 2021"]
[Site "Saint Louis USA"]
[Date "2021.08.13"]
[Round "9.1"]
[White "Nakamura,Hi"]
[Black "Caruana,F"]
[Result "1-0"]
[WhiteElo "2736"]
[BlackElo "2806"]

1.e4 e5 2.Nf3 Nc6 3.Bb5 a6 4.Ba4 Nf6 5.O-O Bc5 6.c3 b5 7.Bc2 d5 8.d4 dxe4
9.dxe5 Qxd1 10.Rxd1 exf3 11.exf6 gxf6 12.Be4 Bd7 13.Nd2 fxg2 14.Nb3 Bb6 15.Nd4 Bxd4
16.cxd4 O-O-O 17.Bf4 Rhe8 18.Bxg2 Ne7 19.Rac1 c6 20.d5 Kb7 21.Rc5 cxd5 22.Bxd5+ Bc6
23.Bxc6+ Nxc6 24.Rxd8 Nxd8 25.Rc7+ Kb6 26.Rd7 b4 27.Kf1 Kb5 28.Be3 Kc6 29.Ra7 Kd5
30.Ra8 Rf8 31.Bh6 Re8 32.Bd2 Kc5 33.Be3+ Kb5 34.Rb8+ Kc6 35.Rxb4 Ne6 36.Rb6+ Kd5
37.Rxa6 f5 38.Ra5+ Ke4 39.Ke2 Nf4+ 40.Bxf4 Kxf4+ 41.Kf1 Rc8 42.Ra4+ Ke5 43.Rb4  1-0

[Event "Saint Louis Blitz 2021"]
[Site "Saint Louis USA"]
[Date "2021.08.14"]
[Round "2.2"]
[White "Caruana,F"]
[Black "Nakamura,Hi"]
[Result "1/2-1/2"]
[WhiteElo "2806"]
[BlackElo "2736"]

1.d4 Nf6 2.c4 e6 3.Nc3 Bb4 4.e3 O-O 5.Bd3 c5 6.Ne2 d5 7.cxd5 cxd4 8.exd4 Nxd5
9.O-O Nc6 10.a3 Bd6 11.Re1 Re8 12.Bc2 Qh4 13.g3 Qh5 14.Ne4 Bf8 15.N2c3 Qxd1
16.Rxd1 Rd8 17.Bg5 Be7 18.Nxd5 exd5 19.Bxe7 Nxe7 20.Nc3 Be6 21.f3 Rac8 22.Rac1 g6
23.Kf2 Kg7 24.Bb3 h5 25.h4 Rc6 26.Ne2 Rb6 27.Rc3 Nc6 28.Rd2 Rd6 29.Nf4 Ne7
30.Ba4 Ra6 31.Rc7 Kf6 32.Be8 Rd8 33.Bb5 Rb6 34.Ba4 Ra6 35.Bb3 Rb6 36.Ba2 Rdd6
37.Rc5 Rbc6 38.Rdc2 b6 39.R5c3 Rxc3 40.Rxc3 Rd7 41.Bb3 Nf5 42.Ne2 Ne7 43.Ba4 Rb7
44.Bb5 a5 45.Bd3 Rb8 46.Nf4 Rc8 47.Rxc8 Bxc8 48.Bb5 Bb7 49.Bd7 Ng8 50.Ba4 Ne7
51.g4 hxg4 52.fxg4 g5 53.hxg5+ Kxg5 54.Kg3 Bc8 55.Bd1 f5 56.Nh3+ Kg6 57.Nf4+ Kf6
58.Bf3 fxg4 59.Bxg4 Bxg4 60.Kxg4 a4 61.Kf3 Kf5 62.Ke3 b5 63.Ne2 Nc8 64.Nc3 Nd6
65.Nxd5 Nc4+ 66.Kd3 Nxb2+ 67.Kc3 Nc4 68.Kb4 Ke4 69.Nc3+ Kxd4 70.Nxb5+ Kd3
71.Kxa4 Nxa3  1/2-1/2

[Event "Saint Louis Blitz 2021"]
[Site "Saint Louis USA"]
[Date "2021.08.14"]
[Round "3.5"]
[White "Nakamura,Hi"]
[Black "Xiong,Jeffery"]
[Result "1-0"]
[WhiteElo "2736"]
[BlackElo "2710"]

1.d4 d5 2.c4 e6 3.Nc3 c5 4.cxd5 cxd4 5.Qxd4 Nc6 6.Qd1 exd5 7.e3 Nf6 8.Nf3 Bb4
9.Be2 Ne4 10.Bd2 Bg4 11.O-O O-O 12.Be1 Bxc3 13.bxc3 Rc8 14.Nd4 Bxe2 15.Nxe2 b6
16.f3 Nf6 17.Bh4 Re8 18.Nf4 Rxe3 19.Bxf6 gxf6 20.Nxd5 Re5 21.c4 Na5 22.f4 Re6
23.Qh5 Nxc4 24.Rf3 Ne5 25.Rg3+ Ng6 26.Rh3 h6 27.Rd3 Rd6 28.Rad1 Rc5 29.Qf3 Kf8
30.h4 Ne7 31.Nxe7 Rxd3 32.Rxd3  1-0

[Event "Saint Louis Blitz 2021"]
[Site "Saint Louis USA"]
[Date "2021.08.14"]
[Round "4.1"]
[White "Shankland,S"]
[Black "Nakamura,Hi"]
[Result "0-1"]
[WhiteElo "2709"]
[BlackElo "2736"]

1.d4 Nf6 2.c4 e6 3.Nf3 d5 4.Nc3 Be7 5.cxd5 exd5 6.h3 c6 7.Bf4 Bd6 8.e3 Bf5
9.Ne5 Ne4 10.Qb3 Qb6 11.g4 Be6 12.Nxe4 dxe4 13.Nc4 Qb4+ 14.Qxb4 Bxb4+ 15.Kd1 Nd7
16.a3 Be7 17.Na5 c5 18.dxc5 Nxc5 19.Bb5+ Bd7 20.Bxd7+ Kxd7 21.Ke2 Rac8 22.Rad1+ Ke6
23.Rd4 Bf6 24.Rd6+ Ke7 25.Rhd1 Nd3 26.Rd5 Rc2+ 27.Rd2 Rhc8 28.Nxb7 Rc1 29.R5xd3 exd3+
30.Rxd3 R8c2+ 31.Kf3 Bh4 32.Bd6+ Ke8 33.Bg3 Bxg3 34.Kxg3 Rg1+ 35.Kf3 Ke7
36.Nd6 g6 37.Ne4 Rxb2 38.Rc3 Rb7 39.Rc5 h6 40.h4 Rh1 41.h5 gxh5 42.gxh5 Rhb1
43.Ng3 R1b5 44.Rc6 R5b6 45.Nf5+ Kd7 46.Rc4 Rf6 47.Kg4 Rb1 48.e4 Rg1+ 49.Kf4 Rg5
50.Ra4 a6 51.Rb4 Rxh5 52.Rb7+ Kc6 53.Ra7 Kb5 54.Rd7 Ka4 55.Rd3 Rh1 56.Ke5 Re6+
57.Kd5 Rb1 58.Nd4 Re8 59.e5 Rd8+ 60.Ke4 Re1+ 61.Kf5 h5 62.f4 h4 63.Kf6 h3
64.Rxh3 Rxd4 65.f5 Rde4  0-1

[Event "Saint Louis Blitz 2021"]
[Site "Saint Louis USA"]
[Date "2021.08.14"]
[Round "6.3"]
[White "Svidler,P"]
[Black "Nakamura,Hi"]
[Result "1/2-1/2"]
[WhiteElo "2714"]
[BlackElo "2736"]

1.e4 e5 2.Nf3 Nc6 3.Bc4 Bc5 4.c3 Nf6 5.d3 a6 6.a4 d6 7.O-O Ba7 8.a5 O-O 9.Be3 h6
10.Nbd2 Re8 11.Bxa7 Rxa7 12.Re1 Be6 13.Bxe6 Rxe6 14.d4 Re8 15.d5 Ne7 16.c4 Nd7
17.b4 c5 18.bxc5 Nxc5 19.Nb3 Nd7 20.Qd2 Ra8 21.Rec1 Rc8 22.Qb4 Qc7 23.Rab1 Ng6
24.g3 Ne7 25.Qd2 f5 26.exf5 Nxf5 27.Qc2 e4 28.Nfd2 Nf6 29.Re1 e3 30.Qxf5 exd2
31.Nxd2 Qxa5 32.Ne4 Nxe4 33.Rxe4 Qc7 34.Re6 Rf8 35.Qg6 Qc5 36.Rf1 Rc7 37.Re8 Rf7
38.Qe6 Rxe8 39.Qxe8+ Rf8 40.Qe6+ Kh8 41.Qe7 Kg8 42.Qe6+ Rf7 43.Qe8+ Rf8 44.Qe6+  1/2-1/2

[Event "Saint Louis Blitz 2021"]
[Site "Saint Louis USA"]
[Date "2021.08.14"]
[Round "7.3"]
[White "Nakamura,Hi"]
[Black "Dominguez Perez,L"]
[Result "1/2-1/2"]
[WhiteElo "2736"]
[BlackElo "2758"]

1.e4 e5 2.Nf3 Nc6 3.Bb5 Nf6 4.d3 Bc5 5.O-O Nd4 6.Be3 Nxf3+ 7.Qxf3 Bxe3 8.Qxe3 O-O
9.d4 d6 10.Nc3 c6 11.Bc4 b5 12.Be2 Re8 13.dxe5 dxe5 14.Rfd1 Qb6 15.Qxb6 axb6
16.a3 Be6 17.f3 Kf8 18.Kf2 Ke7 19.g4 h5 20.h3 hxg4 21.hxg4 Rh8 22.Rh1 Rxh1
23.Rxh1 Nd7 24.Rh7 g6 25.Ke3 Nc5 26.Rh1 Rd8 27.Nd1 Ra8 28.Nc3 Rd8 29.Nd1 Ra8
30.Nf2 Bc4 31.Bd1 Be6 32.g5 Rd8 33.Be2 Ra8 34.Nd3 Nxd3 35.Bxd3 Kd6 36.c3 Ke7
37.Bc2 Rd8 38.Rh2 Bc4 39.f4 exf4+ 40.Kxf4 Bd3 41.Bb3 Bc4 42.Bc2 Bd3 43.Ke5 Bxc2
44.Rxc2 Rd1 45.c4 Rg1 46.Kf4 Rf1+ 47.Ke3 bxc4 48.Rxc4 c5 49.b4 Ra1 50.bxc5 Rxa3+
51.Kf4 bxc5 52.Rxc5 Ra7 53.Rc8 Ra5 54.Rb8 Rc5 55.Ra8 Rb5 56.Rc8 Ra5 57.Rb8 Rc5
58.Ra8 Rb5 59.Rc8  1/2-1/2

[Event "Saint Louis Blitz 2021"]
[Site "Saint Louis USA"]
[Date "2021.08.14"]
[Round "8.4"]
[White "Mamedyarov,S"]
[Black "Nakamura,Hi"]
[Result "1/2-1/2"]
[WhiteElo "2782"]
[BlackElo "2736"]

1.d4 Nf6 2.c4 e6 3.Nf3 d5 4.Nc3 Be7 5.Bf4 O-O 6.a3 Nbd7 7.Nb5 Ne8 8.e3 dxc4
9.Bxc4 a6 10.Nc3 b5 11.Be2 c5 12.dxc5 Nxc5 13.Qxd8 Bxd8 14.b4 Bf6 15.Ne5 Nd7
16.Bf3 Nc7 17.Nxd7 Bxc3+ 18.Ke2 Bxd7 19.Rac1 Nd5 20.Bxd5 exd5 21.Rxc3 Rac8
22.Rc5 Rxc5 23.bxc5 Bc6 24.f3 a5 25.Rb1 f6 26.Bc7 Ra8 27.Kd3 h5 28.h4 Kf7
29.Kc3 Ke6 30.Bg3 Ra7 31.Be1 Ke5 32.Kd3 Kf5 33.Kd4 Ra8 34.Bd2 Ra7 35.Rg1 Ke6
36.g4 hxg4 37.Rxg4 Kf7 38.Rg1 Ra8 39.Rg4 Bd7 40.Rg1 Bc6 41.Rg4 g6 42.Rg1 Rh8
43.Rh1 Ra8 44.Rh2 Kg7 45.Rh1 Kh7 46.Rh2 Kg7 47.Rh1 Kf7 48.Rh2 a4 49.Rh1 Rh8
50.Be1 g5 51.Rh2 Ke6 52.Bg3 gxh4 53.Rxh4 Rg8 54.Bd6 b4 55.axb4 a3 56.Rh2 Ra8
57.Ra2 Bb5 58.e4 dxe4 59.fxe4 Bc6 60.Ra1 a2 61.Kc3 Bxe4 62.Kb2 Bd5 63.b5 Ra5
64.Re1+ Kf7 65.b6 Rb5+ 66.Ka1 f5 67.Rd1 Ke6 68.Re1+ Kf7 69.Rd1 Ke6 70.Re1+  1/2-1/2

[Event "Saint Louis Blitz 2021"]
[Site "Saint Louis USA"]
[Date "2021.08.14"]
[Round "9.1"]
[White "Nakamura,Hi"]
[Black "Le, Quang Liem"]
[Result "1-0"]
[WhiteElo "2736"]
[BlackElo "2709"]

1.d4 Nf6 2.c4 e6 3.Nc3 Bb4 4.Qc2 d5 5.cxd5 exd5 6.Bg5 h6 7.Bh4 Nc6 8.e3 g5
9.Bg3 h5 10.f3 Qe7 11.Kd2 h4 12.Bf2 a6 13.h3 Be6 14.Bd3 Bd6 15.a3 Nh5 16.Nge2 O-O
17.Rae1 f5 18.Kc1 Rae8 19.Rhf1 Qg7 20.Kb1 Ne7 21.e4 fxe4 22.fxe4 dxe4 23.Nxe4 Nd5
24.N4c3 Nxc3+ 25.Nxc3 Nf4 26.d5 Nxd3 27.Rxe6 Rxe6 28.dxe6 Qh7 29.Ka1 Qf5
30.Qb3 Re8 31.e7+ Kh7 32.Ne4 Rxe7 33.Nxg5+ Kh6 34.Nf3 Re2 35.Bd4 Rxg2 36.Nd2 Bf4
37.Nb1 Qe4 38.Bc3 Nc5 39.Qf7 Be5 40.Qf8+ Rg7 41.Qxc5 Bxc3 42.Qxc3  1-0

[Event "Saint Louis Blitz 2021"]
[Site "Saint Louis USA"]
[Date "2021.08.15"]
[Round "10.1"]
[White "Nakamura,Hi"]
[Black "Rapport,R"]
[Result "1/2-1/2"]
[WhiteElo "2736"]
[BlackElo "2763"]

1.d4 Nf6 2.c4 e6 3.Nc3 Bb4 4.Qc2 d6 5.Nf3 O-O 6.a3 Bxc3+ 7.Qxc3 Nbd7 8.g3 b6
9.Bg2 Bb7 10.O-O Re8 11.b3 h6 12.Bb2 Be4 13.Bh3 c6 14.Rfe1 Bh7 15.Nd2 d5
16.Rad1 a5 17.Bg2 a4 18.b4 b5 19.c5 Qc7 20.Qc1 e5 21.dxe5 Nxe5 22.Nf3 Nfd7
23.Nd4 Nf6 24.Nf3 Nfd7 25.Nd4 Nf6 26.Nf3  1/2-1/2

[Event "Saint Louis Blitz 2021"]
[Site "Saint Louis USA"]
[Date "2021.08.15"]
[Round "11.2"]
[White "Nakamura,Hi"]
[Black "Caruana,F"]
[Result "1-0"]
[WhiteElo "2736"]
[BlackElo "2806"]

1.e4 c6 2.Nc3 d5 3.Nf3 dxe4 4.Nxe4 Nf6 5.Qe2 Nxe4 6.Qxe4 Nd7 7.d4 Nf6 8.Qf4 Nd5
9.Qd2 Bf5 10.Bd3 Bxd3 11.Qxd3 e6 12.O-O Bd6 13.c4 Ne7 14.b3 O-O 15.Bb2 Qa5
16.a3 Rfd8 17.Qe2 Qh5 18.Rfe1 Nf5 19.Rad1 Re8 20.d5 cxd5 21.cxd5 e5 22.Qe4 Nh6
23.h3 f6 24.Qa4 Qf7 25.Nd2 a6 26.Ne4 Rad8 27.Qc4 Nf5 28.Rd2 Bf8 29.Qd3 Rd7
30.Qf3 Nh4 31.Qg3 Ng6 32.Red1 Red8 33.d6 f5 34.Ng5 Qf6 35.b4 Re8 36.Qb3+ Kh8
37.Nf3 Rxd6 38.Rxd6 Bxd6 39.Qd5 Bf8 40.Qxb7 h6 41.Re1 Kh7 42.g3 Qd6 43.Qf7 Qe6
44.Qxe6 Rxe6 45.Nxe5 a5 46.b5 a4 47.Kf1 Rb6 48.Nxg6 Kxg6 49.Re5 Rb7 50.Rd5 Be7
51.h4 h5 52.Ke2 Rb8 53.Kd3 Rc8 54.b6 Rb8 55.Rb5 Kf7 56.b7 Ke6 57.Be5 Bd6
58.Bxd6 Kxd6 59.Kc4 Kc6 60.Kb4  1-0

[Event "Saint Louis Blitz 2021"]
[Site "Saint Louis USA"]
[Date "2021.08.15"]
[Round "12.3"]
[White "Xiong,Jeffery"]
[Black "Nakamura,Hi"]
[Result "0-1"]
[WhiteElo "2710"]
[BlackElo "2736"]

1.e4 e5 2.Nf3 Nc6 3.Bb5 Nf6 4.O-O Nxe4 5.Re1 Nd6 6.Nxe5 Be7 7.Bf1 Nf5 8.Nf3 d5
9.d4 O-O 10.c3 Re8 11.Qb3 a6 12.Bd3 g6 13.Bf4 Ng7 14.Nbd2 Na5 15.Qa4 Nc6
16.Ne5 Nxe5 17.Rxe5 c6 18.Rae1 Bd7 19.Qb3 Bd6 20.Rxe8+ Nxe8 21.Bg3 Bxg3 22.hxg3 Nd6
23.Nf3 Qc7 24.Qd1 Bg4 25.Qd2 Bxf3 26.gxf3 Re8 27.Rxe8+ Nxe8 28.Qe3 Nd6 29.Qe5 Qd8
30.f4 f6 31.Qe6+ Kf8 32.Kg2 Qe7 33.Qxe7+ Kxe7 34.Kf3 a5 35.Ke3 Kf7 36.Kf3 h5
37.Kg2 a4 38.Kh3 Kg7 39.f3 g5 40.b3 gxf4 41.gxf4 a3 42.Kh4 Kh6 43.Kg3 b6
44.b4 Nc4 45.Bxc4 dxc4 46.Kh4 Kg6 47.f5+ Kxf5 48.Kxh5 b5 49.Kh6 Kf4 50.Kg6 Kxf3
51.Kxf6 Ke4 52.Ke6 Kd3 53.Kd6 Kxc3  0-1

[Event "Saint Louis Blitz 2021"]
[Site "Saint Louis USA"]
[Date "2021.08.15"]
[Round "13.4"]
[White "Nakamura,Hi"]
[Black "Shankland,S"]
[Result "1/2-1/2"]
[WhiteElo "2736"]
[BlackElo "2709"]

1.e4 c5 2.Nf3 d6 3.Bb5+ Bd7 4.Bxd7+ Nxd7 5.O-O Ngf6 6.d3 e6 7.Ng5 h6 8.Nh3 Be7
9.f4 c4 10.Kh1 cxd3 11.cxd3 Rc8 12.Nc3 e5 13.Be3 a6 14.a4 O-O 15.a5 d5 16.exd5 Re8
17.Qb3 Bc5 18.fxe5 Rxe5 19.Bf4 Re7 20.Qxb7 Ne5 21.Qxa6 Neg4 22.Rae1 Ra7 23.Qb5 Rxa5
24.Qb3 Bd4 25.d6 Be5 26.Qb7 Rac5 27.d4 Bxd4 28.Ne4 Nxe4 29.Qxe4 Bxb2 30.Qa4 Nf6
31.Nf2 Rc4 32.Qb5 Rxf4 33.Qxb2 Qxd6 34.Qe2 Re8 35.Qc2 Rxe1 36.Rxe1 g6 37.Qe2 Kg7
38.Qb2 Kh7 39.Qa2 Qd7 40.Nh3 Re4 41.Rf1 Kg7 42.Qb2 Qd4 43.Qb7 Qd3 44.Qb1 Qxb1
45.Rxb1 g5 46.Nf2 Rd4 47.Kg1 Nd5 48.Re1 f5 49.g3 Kf6 50.Ra1 g4 51.Ra6+ Kg5
52.h3 Ne3 53.Re6 Nc4 54.Re8 Nd2 55.Rg8+ Kh5 56.Kg2 Rc4 57.Rd8 Ne4 58.hxg4+ fxg4
59.Rd5+ Ng5 60.Nd3 Rc2+ 61.Kf1 Kg6 62.Nf4+ Kf6 63.Rd6+ Ke5 64.Rxh6 Ne4 65.Ne2 Ra2
66.Rh5+ Kd6 67.Rh4 Ra1+ 68.Kg2 Ra2 69.Kf1 Ra1+ 70.Kg2 Ra2 71.Kf1 Ra1+ 72.Kg2  1/2-1/2

[Event "Saint Louis Blitz 2021"]
[Site "Saint Louis USA"]
[Date "2021.08.15"]
[Round "15.1"]
[White "Nakamura,Hi"]
[Black "Svidler,P"]
[Result "1/2-1/2"]
[WhiteElo "2736"]
[BlackElo "2714"]

1.e4 e5 2.Nf3 Nc6 3.Bb5 a6 4.Ba4 Nf6 5.O-O Be7 6.Re1 b5 7.Bb3 O-O 8.a4 b4
9.d4 d6 10.dxe5 Nxe5 11.Nbd2 Bb7 12.Nxe5 dxe5 13.f3 Bc5+ 14.Kh1 Qe7 15.Qe2 Rfd8
16.a5 Nh5 17.g3 Rd6 18.Nf1 Rad8 19.Be3 Bxe3 20.Qxe3 Rd4 21.Qe2 g6 22.Red1 Qc5
23.Rxd4 Rxd4 24.Ne3 Nf6 25.Ng2 Kg7 26.Qe3 Qd6 27.Kg1 c5 28.Rf1 c4 29.Ba2 Qc7
30.c3 Rd3 31.Qb6 Qxb6+ 32.axb6 bxc3 33.Bxc4 Rd4 34.b3 Nd7 35.Rc1 Nxb6 36.Bf1 Bc6
37.Bxa6 Bd7 38.Ne3 Be6 39.Rxc3 Rb4 40.Bc4 Nxc4 41.bxc4 Kf8 42.Rc2 Rb3 43.Kf2 f5
44.exf5 gxf5 45.f4 e4 46.c5 Ke7 47.c6 Kd6 48.c7 Bc8 49.Nc4+ Kd7 50.Ne3 Kd6
51.h3 h5 52.h4 Rb5 53.Nc4+ Kd7 54.Ne5+ Ke7 55.Nc6+ Kd7 56.Na7 Rb3 57.Nxc8 Kxc8
58.Rc5 Rb2+ 59.Ke3 Rb3+ 60.Kd4 Rd3+ 61.Kc4 Rxg3 62.Rxf5 Rg4 63.Rf7 Rxh4 64.Kd4 Rh1
65.f5 h4 66.Kxe4 h3 67.Kf3 Rg1 68.Rh7 Rf1+ 69.Kg4 Rg1+ 70.Kf4 Rh1 71.Kg3 Rg1+
72.Kh2 Rf1 73.Rf7 Rf3 74.f6 Kb7 75.Kh1 Kc8 76.Kg1 Kb7 77.Kh2 Kc8 78.Rf8+ Kxc7
79.f7 Kb7 80.Rh8 Rxf7 81.Rxh3 Rf6 82.Kg2 Rg6+ 83.Rg3 Rxg3+ 84.Kxg3  1/2-1/2

[Event "Saint Louis Blitz 2021"]
[Site "Saint Louis USA"]
[Date "2021.08.15"]
[Round "16.2"]
[White "Dominguez Perez,L"]
[Black "Nakamura,Hi"]
[Result "1/2-1/2"]
[WhiteElo "2758"]
[BlackElo "2736"]

1.e4 e5 2.Nf3 Nc6 3.Bb5 g6 4.c3 a6 5.Bxc6 dxc6 6.d4 exd4 7.cxd4 Bg7 8.h3 Ne7
9.Nc3 h6 10.Bf4 O-O 11.O-O g5 12.Be5 f6 13.Bg3 Ng6 14.Re1 Kh7 15.Qb3 b6 16.Rad1 g4
17.hxg4 Bxg4 18.d5 c5 19.d6 c6 20.Na4 Rb8 21.d7 Ne5 22.Nxe5 Bxd1 23.Rxd1 fxe5
24.Rd6 Qe7 25.Qe6 Qxe6 26.Rxe6 Rfd8 27.Rxc6 Rxd7 28.Nxb6 Rd4 29.b3 Rxe4 30.Nc4 h5
31.Rxc5 Rd8 32.Bxe5 Bf8 33.Rc7+ Kg8 34.Rc6 Rd1+ 35.Kh2 Rh4+ 36.Kg3 Rg4+ 37.Kf3 Rd3+
38.Ne3 Rb4 39.Rxa6 Rb5 40.Bf4 Rd7 41.g3 Rf7 42.Ra4 Be7 43.Re4 h4 44.gxh4 Bxh4
45.Ke2 Ra5 46.a4 Ra6 47.Nc4 Rb7 48.Re3 Ra8 49.a5 Rb5 50.Be5 Bd8 51.Rg3+ Kf8
52.Rf3+ Kg8 53.Rg3+ Kh7 54.Rh3+ Kg6 55.Rg3+ Kh6 56.Rh3+ Kg6 57.Rg3+ Kh7 58.Rh3+ Kg6
59.Rg3+  1/2-1/2

[Event "Saint Louis Blitz 2021"]
[Site "Saint Louis USA"]
[Date "2021.08.15"]
[Round "17.3"]
[White "Nakamura,Hi"]
[Black "Mamedyarov,S"]
[Result "1-0"]
[WhiteElo "2736"]
[BlackElo "2782"]

1.e4 c5 2.Nf3 e6 3.d4 cxd4 4.Nxd4 Nf6 5.Bd3 Nc6 6.Nxc6 dxc6 7.Nd2 e5 8.a4 Be6
9.Qe2 a5 10.Bc4 Qc8 11.O-O Bd6 12.b3 O-O 13.Bb2 Bc7 14.Nf3 Re8 15.Ng5 Bxc4
16.Qxc4 Re7 17.Rfe1 Nh5 18.Ba3 Rd7 19.g3 Qe8 20.Qe2 Nf6 21.Bb2 Rad8 22.Nf3 h6
23.Bc3 Qe6 24.Kg2 Nh7 25.h4 Nf6 26.Nd2 h5 27.Nc4 b6 28.f3 Ne8 29.Rad1 f6
30.Rxd7 Rxd7 31.Qf2 c5 32.Ne3 Bd8 33.Qe2 Nc7 34.Bb2 g6 35.Rd1 Kf7 36.Rxd7+ Qxd7
37.Nc4 Qe6 38.Qd3 Be7 39.Bc1 Qc6 40.Bb2 Qe6 41.Ne3 Qc6 42.Qc4+ Qe6 43.Qd3 Ke8
44.Nc4 Qc6 45.Qd2 Qe6 46.Qh6  1-0

[Event "Saint Louis Blitz 2021"]
[Site "Saint Louis USA"]
[Date "2021.08.15"]
[Round "18.4"]
[White "Le, Quang Liem"]
[Black "Nakamura,Hi"]
[Result "1/2-1/2"]
[WhiteElo "2709"]
[BlackElo "2736"]

1.e4 e5 2.Nf3 Nc6 3.Bb5 a6 4.Ba4 g6 5.c3 Bg7 6.d4 b5 7.Bc2 d6 8.O-O exd4
9.Nxd4 Nge7 10.Bg5 Qd7 11.Re1 O-O 12.Nxc6 Nxc6 13.Nd2 Bb7 14.Nf3 Rfe8 15.Qd2 Na5
16.Rad1 Nc4 17.Qc1 Re6 18.Nd4 Ree8 19.h3 c5 20.Nf3 Qc7 21.Bh6 Bxh6 22.Qxh6 Nxb2
23.Rd2 Nc4 24.Rde2 f6 25.Bb3 Re6 26.Nd2 d5 27.exd5 Rxe2 28.Rxe2 Bxd5 29.Nxc4 bxc4
30.Bc2 Bf7 31.Be4 Rd8 32.g3 Qd6 33.Bf3 Qd3 34.Re3 Qb1+ 35.Kg2 Qxa2 36.Qf4 Qd2
37.Qxf6 Qd6 38.Qxd6 Rxd6 39.Re5 Rd3 40.Rxc5 Rxc3 41.Ra5 Be6 42.Bg4 Bf7 43.Bf3 Be6
44.g4 Rd3 45.Rxa6 Bd5 46.Bxd5+ Rxd5 47.Rc6 Rd4 48.f3 g5 49.Kg3 Kg7 50.h4 h6
51.h5 Kh7 52.Kf2 Kg7 53.Ke3 Rf4 54.Rc7+ Kg8 55.Rc6 Kg7 56.Rg6+ Kh7 57.Re6 Kg7
58.Rg6+ Kh7 59.Re6 Rf7 60.Rc6 Rf4 61.Rc7+ Kg8 62.Rc6 Kg7 63.Rc7+ Kg8 64.Rc6 Kg7  1/2-1/2

[Event "Titled Tuesday 7th Sept"]
[Site "chess.com INT"]
[Date "2021.09.07"]
[Round "1"]
[White "Nakamura,Hi"]
[Black "Tologontegin,S"]
[Result "1-0"]
[WhiteElo "2736"]
[BlackElo "2377"]

1.Nf3 Nf6 2.b3 g6 3.Bb2 Bg7 4.d4 O-O 5.e3 b6 6.Be2 Bb7 7.O-O c5 8.dxc5 bxc5
9.c4 d6 10.Qc2 Nbd7 11.Nc3 a6 12.Rad1 Qc7 13.Nd2 Bc6 14.e4 Rad8 15.Nd5 Nxd5
16.exd5 Bb7 17.Bxg7 Kxg7 18.Rfe1 e5 19.dxe6 fxe6 20.Qc3+ e5 21.Bf3 Bxf3 22.Nxf3 Nb8
23.b4 Nd7 24.Ng5 Rf6 25.Qh3 Nf8 26.Ne4 Rf5 27.Qa3 Ne6 28.bxc5 Nxc5 29.Nxc5 dxc5
30.Qxa6 Rd4 31.Rb1 Rf7 32.Rb2 e4 33.Rbe2 Qf4 34.Qb5 Qf5 35.a4 Rd3 36.a5 e3
37.fxe3 Rxe3 38.Qb2+ Kh6 39.Rxe3 Qf2+ 40.Qxf2  1-0

[Event "Titled Tuesday 7th Sept"]
[Site "chess.com INT"]
[Date "2021.09.07"]
[Round "2"]
[White "Weetik,V"]
[Black "Nakamura,Hi"]
[Result "0-1"]
[WhiteElo "2423"]
[BlackElo "2736"]

1.d4 g6 2.e4 Bg7 3.Nc3 a6 4.a4 d6 5.Nf3 Bg4 6.Be2 Nc6 7.Be3 Nf6 8.d5 Nb8
9.h3 Bxf3 10.Bxf3 O-O 11.O-O c6 12.Re1 a5 13.Ne2 Na6 14.c3 Qc7 15.Nd4 Nd7
16.Qc2 Rfc8 17.Rad1 Nac5 18.Bg4 Re8 19.Be2 Nf6 20.Bf3 Ncd7 21.dxc6 Ne5 22.cxb7 Qxb7
23.Bf4 Nxf3+ 24.Nxf3 e5 25.Bg5 Ra6 26.Bxf6 Bxf6 27.Rd5 Rb6 28.Re2 Qc7 29.Nd2 Bg5
30.b3 Reb8 31.c4 Bxd2 32.Rexd2 Rxb3 33.Rxd6 Rb2 34.Qd3 R2b4 35.Qd5 Rxc4 36.Rd7 Qxd7
37.Qxd7 Rxe4 38.Qc7 Rbb4 39.Qe7 Kg7 40.Rd8 Rf4 41.Qf8+ Kf6 42.Rd6+ Kg5 43.Qe7+ f6
44.g3 Rf5 45.h4+ Kg4 46.Re6 Kh3 47.Kf1 Rb2 48.Rxf6 Rbxf2+ 49.Ke1 Rxf6 50.Qxh7 Rg2
51.Qd7+ Kh2 52.g4 Rb6  0-1

[Event "Titled Tuesday 7th Sept"]
[Site "chess.com INT"]
[Date "2021.09.07"]
[Round "3"]
[White "Nakamura,Hi"]
[Black "Ovetchkin,R"]
[Result "1-0"]
[WhiteElo "2736"]
[BlackElo "2518"]

1.Nf3 Nf6 2.b3 g6 3.Bb2 Bg7 4.d4 O-O 5.e3 d5 6.c4 c5 7.dxc5 Na6 8.c6 bxc6
9.Be2 Nc5 10.O-O Nce4 11.Nc3 Bg4 12.Nxe4 Nxe4 13.Bxg7 Kxg7 14.Qc2 Qa5 15.Rfc1 Rad8
16.Ne5 Bxe2 17.Nxc6 Qd2 18.Nxd8 Rxd8 19.cxd5 Qxc2 20.Rxc2 Bb5 21.f3 Nd6 22.e4 Kf6
23.Kf2 a5 24.Ke3 g5 25.Rc5 Rb8 26.a4 Bd7 27.Ra3 Ke5 28.g3 Kf6 29.Rxa5 Rb4
30.Ra7 Bh3 31.g4  1-0

[Event "Titled Tuesday 7th Sept"]
[Site "chess.com INT"]
[Date "2021.09.07"]
[Round "4"]
[White "Aradhya,Garg"]
[Black "Nakamura,Hi"]
[Result "0-1"]
[WhiteElo "2198"]
[BlackElo "2736"]

1.d4 g6 2.Nf3 Bg7 3.c4 d6 4.Nc3 Nf6 5.g3 O-O 6.Bg2 Nc6 7.O-O Bg4 8.h3 Bxf3
9.Bxf3 Nd7 10.Be3 e5 11.d5 Ne7 12.Bd2 f5 13.e4 c5 14.Qe2 Nf6 15.Kg2 h6 16.a3 g5
17.exf5 Nxf5 18.Qd3 Nd4 19.Bd1 Qe8 20.Ne4 b5 21.Nxd6 bxc4 22.Qxc4 Qd7 23.Qxc5 Rfd8
24.Nc4 Rac8 25.Nxe5 Rxc5 26.Nxd7 Rxd7 27.Ba4 Rdxd5 28.Bb4 Rc8 29.Rac1 Rb8
30.Rc7 a5 31.Bc3 Ne2 32.b4 Nxc3 33.Rxc3 axb4 34.axb4 Rdd8 35.Rb3 Ne4 36.Re1 Nd2
37.Rbe3 Rxb4 38.Bc2 Rbd4 39.Bg6 Nc4 40.Re8+ Rxe8 41.Rxe8+ Bf8 42.Re4 Rxe4
43.Bxe4 Kg7 44.Bd5 Nb6 45.Bb3 Bc5 46.h4 gxh4 47.gxh4 Kf6 48.Kg3 Nc8 49.f3 Nd6
50.Kg4 Nf5 51.Kh5 Kg7 52.Bc2 Ne3 53.Be4 Be7 54.f4 Bd8 55.Bd3 Bc7 56.f5 Bd8
57.Be4 Be7 58.Bd3 Bf8 59.Be4 Kf6 60.Bd3 Nd5 61.Kg4 Ke5 62.Kf3 Be7 63.h5 Bg5
64.Bb1 Nf6 65.Kg3 Nxh5+ 66.Kg4 Nf6+ 67.Kf3 Bf4 68.Bc2 h5 69.Bb1 h4 70.Bd3 h3
71.Bf1 h2 72.Kg2 Ng4  0-1

[Event "Titled Tuesday 7th Sept"]
[Site "chess.com INT"]
[Date "2021.09.07"]
[Round "5"]
[White "Nakamura,Hi"]
[Black "Tang,Andrew"]
[Result "0-1"]
[WhiteElo "2736"]
[BlackElo "2512"]

1.e4 e5 2.Nf3 Nc6 3.Bb5 g6 4.Bxc6 dxc6 5.c3 Bg7 6.O-O Qd3 7.Re1 Ne7 8.Re3 Qd6
9.d4 O-O 10.Rd3 exd4 11.cxd4 h6 12.Nc3 f5 13.e5 Qe6 14.h4 f4 15.b3 Nd5 16.Nxd5 cxd5
17.Rc3 Rf7 18.b4 a6 19.a4 c6 20.Bd2 Bd7 21.Ne1 Qe7 22.h5 Qe6 23.Nd3 g5 24.Nc5 Qf5
25.Nxb7 Bf8 26.Qb1 Qxb1+ 27.Rxb1 Bf5 28.Rb2 Rxb7 29.Rxc6 Rab8 30.Rxa6 Bxb4
31.Bxb4 Rxb4 32.Rxb4 Rxb4 33.a5 Rxd4 34.Rxh6 Rd1+ 35.Kh2 Ra1 36.a6 d4 37.Rd6 d3
38.h6 g4 39.e6 Bxe6 40.Rxd3 Ra4 41.Rd6 Bc4 42.Rd4 Bb5 43.Rxa4 Bxa4 44.a7 Bc6
45.f3 Kh7 46.fxg4 Kxh6 47.Kg1 Kg5 48.Kf1 Kxg4 49.Kf2 Ba8  0-1

[Event "Speed Chess GP1 2021"]
[Site "chess.com INT"]
[Date "2021.09.18"]
[Round "1"]
[White "Nakamura,Hi"]
[Black "Najer,E"]
[Result "1/2-1/2"]
[WhiteElo "2736"]
[BlackElo "2654"]

1.Nf3 d5 2.b3 c5 3.e3 a6 4.Bb2 Nc6 5.d4 Nf6 6.h3 Bf5 7.dxc5 e6 8.Nd4 Bxc5
9.Nxf5 exf5 10.Bd3 g6 11.O-O O-O 12.Nd2 Ne4 13.Nf3 Qe7 14.a3 Rad8 15.b4 Bb6
16.Qe2 Bc7 17.c4 dxc4 18.Bxc4 Ne5 19.Rfd1 Nxf3+ 20.Qxf3 Be5 21.Qe2 Qf6 22.Bxe5 Qxe5
23.Qe1 Kg7 24.Be2 Nc3 25.Rdc1 Rc8 26.Bf3 Ne4 27.Bxe4 fxe4 28.Qe2 h5 29.Rab1 Rfd8
30.g3 h4 31.gxh4 Rh8 32.Qg4 Qf5 33.Qxf5 gxf5 34.Rxc8 Rxc8 35.b5 Rc3 36.bxa6 bxa6
37.Kg2 Rxa3 38.Rb6 f4 39.exf4 Rf3 40.Rxa6 Rxf4 41.h5 Rh4 42.h6+ Rxh6 43.Rxh6 Kxh6
44.Kg3 Kg5 45.h4+ Kh5 46.Kf4 Kxh4 47.Kxe4 Kg4 48.f4 f6 49.Ke3 f5 50.Ke2 Kxf4
51.Kf2 Kg4 52.Kg2 f4 53.Kf2 f3 54.Kf1 Kg3 55.Kg1 f2+ 56.Kf1 Kf3  1/2-1/2

[Event "Speed Chess GP1 2021"]
[Site "chess.com INT"]
[Date "2021.09.18"]
[Round "2"]
[White "Glavina,P"]
[Black "Nakamura,Hi"]
[Result "0-1"]
[WhiteElo "2404"]
[BlackElo "2736"]

1.e4 g6 2.h4 h5 3.Bc4 c5 4.d4 cxd4 5.Qxd4 Nf6 6.Nc3 Nc6 7.Qd1 Bg7 8.Nf3 d6
9.Bg5 Bg4 10.Qd2 Rc8 11.Bb3 Qa5 12.O-O Bxf3 13.gxf3 O-O 14.Kg2 e6 15.Rad1 Rcd8
16.Qf4 Qe5 17.Qg3 Qxg3+ 18.fxg3 Rd7 19.Rd2 a6 20.Rfd1 Ne8 21.Bf4 Rc7 22.Bxd6 Nxd6
23.Rxd6 Bxc3 24.bxc3 Rfc8 25.Rd7 Ne5 26.Rxc7 Rxc7 27.f4 Ng4 28.Rd8+ Kg7 29.Rd3 Kf6
30.Kf3 Ke7 31.e5 Nh6 32.Ke4 Nf5 33.a4 Rd7 34.Rxd7+ Kxd7 35.Kf3 Kc6 36.Bc4 Kc5
37.Bd3 Nh6 38.Ke4 Ng4 39.Be2 Nh6 40.Bd3 Nf5 41.Kf3 b5 42.axb5 a5 43.c4 a4
44.c3 a3 45.Bb1 Kxc4 46.b6 Ne7 47.b7 Nc6 48.g4 Kxc3 49.Ba2 Kb2 50.Bc4 Kc3
51.Ba2 Kd4 52.Bb3 Nb8 53.Ba2 Nd7 54.Bb3 Kc3 55.Ba2 Kb2 56.Bc4 Nb8 57.f5 Kc3
58.fxe6 Kxc4 59.e7 a2 60.e8=Q a1=Q 61.Qxf7+ Kd4 62.Qxg6 Qf1+ 63.Kg3 Qe1+
64.Kf4 Qxe5+ 65.Kf3 Qe3+ 66.Kg2 Qe2+ 67.Kg3 Qe1+ 68.Kg2 Qd2+ 69.Kg3 Qe3+
70.Kg2 Qd2+ 71.Kg3 Qc3+ 72.Kg2 Qb2+ 73.Kg3 Qb3+ 74.Kf2 Qb2+ 75.Kg3 Qxb7 76.Qxh5 Nd7
77.Qh8+ Ne5 78.Qd8+ Ke4 79.Qd1 Qb8 80.Kh3 Nd3 81.Qh1+ Ke3 82.Qg1+ Nf2+ 83.Kg2 Qb7+
84.Kh2 Qf7 85.Qg3+ Ke2 86.Kg2 Qd5+ 87.Kh2 Qh1+  0-1

[Event "Speed Chess GP1 2021"]
[Site "chess.com INT"]
[Date "2021.09.18"]
[Round "3"]
[White "Nakamura,Hi"]
[Black "Leiva,G"]
[Result "1-0"]
[WhiteElo "2736"]
[BlackElo "2391"]

1.Nf3 Nf6 2.b3 d5 3.Bb2 Bg4 4.e3 Nbd7 5.h3 Bxf3 6.Qxf3 e5 7.d3 Bb4+ 8.Nd2 Bxd2+
9.Kxd2 O-O 10.g4 c6 11.g5 Ne8 12.h4 Nd6 13.Bh3 Re8 14.Qg3 Nc5 15.Ke2 d4 16.Rhd1 Nb5
17.a4 Nc3+ 18.Bxc3 dxc3 19.Kf1 a5 20.Qg4 Qd5 21.d4 exd4 22.Bg2 Qe6 23.Rxd4 Qxg4
24.Rxg4 Rad8 25.Rc4 Na6 26.Rxc3 Rd2 27.Ke1 Red8 28.Be4 R2d6 29.Rd3 Rxd3 30.Bxd3 Nb4
31.Ke2 Nd5 32.Rg1 Nc3+ 33.Kd2 Ne4+ 34.Ke1 Nc5 35.Ke2 Nxd3 36.cxd3 Rd5 37.f4 g6
38.Rh1 Kf8 39.h5 Rc5 40.Kd2 Kg8 41.hxg6 hxg6 42.e4  1-0